000 00285nam a2200121 a 4500
005 20140414132010.0
008 110303s19uu xx 00 eng d
050 _aVCD
_bB23H
245 _aBarney, Happy, mad, silly, sad.
650 _aEmotions
650 _aFeelings
999 _c113250
_d113250